Les titres de l'équipe de France de fooball - Statistiques

Statistiques générales
  • Ce quiz a été pris 60 fois
  • Le résultat moyen est 6 sur 8
Statistiques - réponses
Hint Réponse % Correct
2018 Coupe du monde
100%
2000 Championnat d'europe
98%
1998 Coupe du monde
98%
2021 Ligue des nations
93%
1984 Championnat d'europe
88%
2003 Coupe des confédérations
44%
2001 Coupe des confédérations
37%
1984 Jeux olympiques
26%
Aucun quiz correspondant
Distribution des résultats
% des personnes avec chaque résultat
Percentile par nombre de réponses
Votre historique - résultats
Vous n’avez pas pris ce quiz